00912naa a2200229 i 4500001000400000003000400004005001700008008003900025040000800064041000800072044000800080100015800088245010600246260001000352500004200362500012400404655003000528711004900558773004900607942001300656999001300669BPPBPK20180427094110.0151027s1995 pl f |100 0 eng cBPK aeng apol aJANKE, Włodzimierz.d1990 - 1996.bWyższa Szkoła Inżynierska w Koszalinie - Instytut Elektroniki,cKatedra Elementów i Miernictwa Elektronicznego aSemi-analytical recursive convolution algorithms with nonuniform sampling /cG. Blakiewicz, W. Janke. c1995. aDane z bibliografii załącznikowej. asprawozdanie jednostki (Informator o publikowanych wynikach prac naukowo-badawczych w 2002 roku Wydziału Elektroniki). 0aMateriały konferencyjne.22aECCTD'12n(12 ;d1995 ;cIstambuł, Turcja). iW :tProc. ECCTD (IEEE). -g1995, s. 851-854 cART2UKD c101d101